000 00801nam a22002177a 4500
005 20111223114323.0
008 111223t xxu||||| |||| 00| 0 eng d
010 _aENG-104461
020 _a9788178331294
_c1675.00
035 _aEN-87994
037 _bDBAD/PUB
040 _aDPL
_bEng
082 _a646.7
100 _937371
_aSingh, S.K.
245 0 0 _aHandbook on cosmetics :
_bprocesses, formulae with testing methods /
_cby S.K.Singh
260 _aDelhi
_bAsia Pacific Business Press
_c(201?)
270 _a106-E, Kamla Nagar,
_b Delhi
_e110007
300 _a682p.
_c22cm (pbk)
942 _2ddc
_cEN
_mSIN
_h646.7
999 _c59931
_d59931